Statistics for Countries, US States, Capitals, Elements, 100 Most Common Words: A + B + xy = C #4

Click here to take the quiz!

General Stats

  • This quiz has been taken 29 times
  • The average score is 23 of 40

Answer Stats

ANSWER % Correct
For
100%
New
100%
Not
100%
Then
95%
Syria
95%
Use
95%
Our
95%
Know
95%
Oman
95%
Also
95%
And
95%
All
95%
Its
95%
Tin
95%
Gabon
91%
Dover
77%
s
55%
c
55%
Baton Rouge
55%
t
45%
Kingstown
45%
e
45%
Freetown
36%
n
36%
s
36%
e
36%
Minnesota
36%
g
36%
Carson City
23%
El Salvador
23%
c
23%
e
23%
h
23%
t
23%
b
18%
c
18%
Charleston
18%
a
14%
r
14%
Dushanbe
14%

Score Distribution

Percentile by Number Answered

Percent of People with Each Score

Your Score History

You have not taken this quiz